Giáo trình tư pháp quốc tế

Nội dung quyển sách đề cập đến những nội dung cơ bản của khoa học tư pháp quốc tế và tư pháp Việt Nam trong bối cảnh mới để cập nhật những lí luận mới về tư pháp quốc tế và đáp ứng chương trình học mới của bộ môn này....

Cijeli opis

Spremljeno u:
Bibliografski detalji
Glavni autor: Trần Minh Ngọc (Chủ biên)
Daljnji autori: Vũ Thị Phương Lan
Format: Knjiga
Jezik:Vietnamese
Izdano: H. Tư pháp 2017
Teme:
Oznake: Dodaj oznaku
Bez oznaka, Budi prvi tko označuje ovaj zapis!
Thư viện lưu trữ: Thư viện Trường Đại học Nam Cần Thơ
LEADER 01961nam a22002777a 4500
001 NCT_66099
008 190812b xxu||||| |||| 00| 0 vie d
999 |c 3198  |d 3198 
020 |a 9786048110475  |c 83000 
082 0 4 |2 23rd ed.  |a 340.90711  |b Ng419 
100 1 |a Trần Minh Ngọc   |e Chủ biên 
245 1 0 |a Giáo trình tư pháp quốc tế  |c Trần Minh Ngọc, Vũ Thị Phương Lan (chủ biên) 
260 |a H.  |b Tư pháp  |c 2017 
300 |a 583 tr.   |c 22cm 
500 |a ĐTTS ghi: Trường Đại học Luật Hà Nội 
520 3 |a Nội dung quyển sách đề cập đến những nội dung cơ bản của khoa học tư pháp quốc tế và tư pháp Việt Nam trong bối cảnh mới để cập nhật những lí luận mới về tư pháp quốc tế và đáp ứng chương trình học mới của bộ môn này. 
653 |a Luật học 
655 7 |a Giáo trình 
700 1 |a Vũ Thị Phương Lan 
942 |2 ddc  |c BK 
952 |0 0  |1 0  |2 ddc  |4 0  |6 340_907100000000000_NG419  |7 0  |9 17298  |a 000001  |b 000001  |d 2019-08-12  |o 340.9071 Ng419  |p MD.15847  |r 2019-08-12  |v 83000.00  |w 2019-08-12  |y BK 
952 |0 0  |1 0  |2 ddc  |4 0  |6 340_907100000000000_NG419  |7 0  |9 17299  |a 000001  |b 000001  |d 2019-08-12  |l 2  |o 340.9071 Ng419  |p MD.15848  |r 2021-01-21  |s 2021-01-13  |v 83000.00  |w 2019-08-12  |y BK 
952 |0 0  |1 0  |2 ddc  |4 0  |6 340_907100000000000_NG419  |7 0  |9 17300  |a 000001  |b 000001  |d 2019-08-12  |l 3  |o 340.9071 Ng419  |p MD.15849  |r 2020-08-21  |s 2020-08-12  |v 83000.00  |w 2019-08-12  |y BK 
952 |0 0  |1 0  |2 ddc  |4 0  |6 340_907100000000000_NG419  |7 0  |9 17301  |a 000001  |b 000001  |d 2019-08-12  |l 1  |o 340.9071 Ng419  |p MD.15845  |r 2019-09-23  |s 2019-09-16  |v 83000.00  |w 2019-08-12  |y BK 
952 |0 0  |1 0  |2 ddc  |4 0  |6 340_907110000000000_NG419  |7 0  |9 18084  |a 000001  |b 000001  |d 2019-10-11  |l 1  |o 340.90711 Ng419  |p MD.15846  |r 2020-08-25  |s 2020-08-18  |v 83000.00  |w 2019-10-11  |y BK 
980 |a Thư viện Trường Đại học Nam Cần Thơ